000 00758cam a2200217 4500
001 4078133
005 20180209034300.0
008 811123s1969 at d 000 0 eng
010 _a 72008783
040 _aDLC
_cDLC
_dDLC
041 _aeng
080 _a423.1
082 0 0 _a423.1 HAY
_219
100 _a46
101 _aEDU
245 0 0 _aReader's digest use the right word;
_c[by] the editors of the Reader's digest and the Funk & Wagnalls dictionary staff.
740 0 _aUse the right word.
740 0 _aModern guide to synonyms and related words.
906 _a7
_bcbc
_corignew
_d1
_eocip
_f19
_gy-gencatlg
942 _2ddc
_cBK
999 _c42211
_d42211